Fiesta de la raza, 1492-1916 (Record no. 63738)
[ view plain ]
| 000 -LEADER | |
|---|---|
| campo de control de longitud fija | 01176nam a2200205 i 4500 |
| 001 - NÚMERO DE CONTROL | |
| campo de control | 63738 |
| 003 - IDENTIFICADOR DE NÚMERO DE CONTROL | |
| campo de control | ES-MaACL |
| 005 - FECHA Y HORA DE LA ÚLTIMA TRANSACCIÓN | |
| campo de control | 20230906164945.0 |
| 007 - CAMPO FIJO DE DESCRIPCIÓN FÍSICA--INFORMACIÓN GENERAL | |
| campo de control de longitud fija | t| |
| 008 - DATOS DE LONGITUD FIJA--INFORMACIÓN GENERAL | |
| campo de control de longitud fija | 031216s1917 cl ||||1| spa d |
| 245 00 - MENCIÓN DEL TÍTULO | |
| Título | Fiesta de la raza, 1492-1916 |
| Resto del título | : juegos florales organizados por la Colonia Española de Concepción (Chile) / |
| Mención de responsabilidad, etc. | prólogo de Olegario Sáez Navarro. |
| 260 ## - PUBLICACIÓN, DISTRIBUCIÓN, ETC. | |
| Lugar de publicación, distribución, etc. | Concepción (Chile) : |
| Nombre del editor, distribuidor, etc. | [s.n.], |
| Fecha de publicación, distribución, etc. | 1917 ( |
| Fabricante | Imp. José V. Soulodre) |
| 300 ## - DESCRIPCIÓN FÍSICA | |
| Extensión | 339 p. ; |
| Dimensiones | 25 cm. |
| 505 8# - NOTA DE CONTENIDO CON FORMATO | |
| Nota de contenido con formato | Contiene: Cómo nacieron los juegos florales / por Bernardino Corral. Composiciones en verso. Medios prácticos de un acercamiento más estrecho entre España y la América española / por Luis Felipe Contardo. La colonización española según las leyes de Indias fue la más humanitaria / por Olegario Sáez. La colonización española según las leyes de Indias fue la más humanitaria / por Angel Clavero Navarro. Homenaje literario a la Reina de los juegos florales |
| 700 1# - ENTRADA AGREGADA--NOMBRE PERSONAL | |
| Nombre de persona | Corral, Bernardino. |
| 9 (RLIN) | 40706 |
| 700 1# - ENTRADA AGREGADA--NOMBRE PERSONAL | |
| Nombre de persona | Contardo, Luis Felipe. |
| 9 (RLIN) | 40262 |
| 700 1# - ENTRADA AGREGADA--NOMBRE PERSONAL | |
| Nombre de persona | Clavero Navarro, Angel. |
| 9 (RLIN) | 39134 |
| 700 0# - ENTRADA AGREGADA--NOMBRE PERSONAL | |
| Nombre de persona | Sáez Navarro, Olegario. |
| 9 (RLIN) | 101381 |
| 852 ## - LOCALIZACIÓN | |
| Ubicación | ES-MaACL |
| Número de control de estantería | F-950 |
| Estatus retirado | Estado de pérdida | Estado de daño | No para préstamo | Biblioteca de origen | Biblioteca actual | Ubicación en estantería | Fecha de adquisición | Fuente de adquisición | Total de préstamos | Signatura topográfica completa | Código de barras | Visto por última vez | Precio de reemplazo | Tipo de ítem Koha |
|---|---|---|---|---|---|---|---|---|---|---|---|---|---|---|
| Biblioteca del Ateneo de Madrid | Biblioteca del Ateneo de Madrid | Depósito 2 | 17/01/2008 | F-950 | 1066799 | 23/02/2023 | 23/02/2023 | Libro impreso |
